| 000 | 01081cab a2200325 4500 | ||
|---|---|---|---|
| 001 | ABS59571 | ||
| 008 | 090401t1998 xxu||||| |||| 00| 0 eng d | ||
| 035 | _a(Sirsi) u89427 | ||
| 041 | _aeng | ||
| 245 | _aLife line | ||
| 260 | _c1998 | ||
| 350 | _a0 | ||
| 490 |
_aInside Housing _v15(44) 23 October 1998, 17-27(7) |
||
| 520 | _aCollection of articles on urban regeneration issues in social housing. Looks at strategies to bridge the gap between Britain`s most deprived areas and the rest of society, with case studies; getting more tenants involved in the regeneration process; and the idea of `super caretakers`. | ||
| 650 | _aBRIGHTON | ||
| 650 | _aDEPRIVED AREAS | ||
| 650 | _aGLASGOW | ||
| 650 | _aHOUSING CONDITIONS | ||
| 650 | _aHOUSING DEFECTS | ||
| 650 | _aHOUSING PROBLEMS | ||
| 650 | _aHOUSING PROVISION | ||
| 650 | _aNEIGHBOURHOOD REGENERATION | ||
| 650 | _aNEIGHBOURHOOD RENEWAL | ||
| 650 | _aSOCIAL HOUSING | ||
| 650 | _aSUPER CARETAKERS | ||
| 650 | _aURBAN REGENERATION | ||
| 690 | _aURBAN RENEWAL | ||
| 942 | _n0 | ||
| 948 | _c03/11/1998 | ||
| 999 |
_c56572 _d56572 |
||